Numerical Study of the Accumulation Dynamics of Oil Shale Thermal Decomposition Products in the Vicinity of a Heating Element; AIP Conference Proceedings; Vol. 1683 : Advanced Materials with Hierarchical Structure for New Technologies and Reliable Structures

書誌詳細
Parent link:AIP Conference Proceedings
Vol. 1683 : Advanced Materials with Hierarchical Structure for New Technologies and Reliable Structures.— 2015.— [020085, 4 p.]
第一著者: Knyazeva A. G. Anna Georgievna
団体著者: Национальный исследовательский Томский политехнический университет (ТПУ) Институт физики высоких технологий (ИФВТ) Кафедра физики высоких технологий в машиностроении (ФВТМ)
その他の著者: Maslov A. L.
要約:Title screen
This study proposes the model of thermal decomposition of oil shale heated by electrodes. Differences in thermal physical properties of phases (solid core and gas, reagents and decomposition products), flow of generated gases in pores, and thermal effects of decomposition reactions are taken into account. The consideration of concentration expansion phenomenon is one of the features of the described model. The solution was carried out numerically. The concentration change of intermediate and final reaction products were studied for various heating conditions.
Режим доступа: по договору с организацией-держателем ресурса
言語:英語
出版事項: 2015
主題:
オンライン・アクセス:http://dx.doi.org/10.1063/1.4932775
フォーマット: MixedMaterials 電子媒体 図書の章
KOHA link:https://koha.lib.tpu.ru/cgi-bin/koha/opac-detail.pl?biblionumber=644926

MARC

LEADER 00000naa2a2200000 4500
001 644926
005 20240215133159.0
035 |a (RuTPU)RU\TPU\network\10010 
035 |a RU\TPU\network\10009 
090 |a 644926 
100 |a 20151204a2015 k y0engy50 ba 
101 0 |a eng 
105 |a y z 100zy 
135 |a drgn ---uucaa 
181 0 |a i  
182 0 |a b 
200 1 |a Numerical Study of the Accumulation Dynamics of Oil Shale Thermal Decomposition Products in the Vicinity of a Heating Element  |f A. G. Knyazeva, A. L. Maslov 
203 |a Text  |c electronic 
300 |a Title screen 
320 |a [References: 7 tit.] 
330 |a This study proposes the model of thermal decomposition of oil shale heated by electrodes. Differences in thermal physical properties of phases (solid core and gas, reagents and decomposition products), flow of generated gases in pores, and thermal effects of decomposition reactions are taken into account. The consideration of concentration expansion phenomenon is one of the features of the described model. The solution was carried out numerically. The concentration change of intermediate and final reaction products were studied for various heating conditions. 
333 |a Режим доступа: по договору с организацией-держателем ресурса 
461 0 |0 (RuTPU)RU\TPU\network\4816  |t AIP Conference Proceedings 
463 0 |0 (RuTPU)RU\TPU\network\9779  |t Vol. 1683 : Advanced Materials with Hierarchical Structure for New Technologies and Reliable Structures  |o Proceedings of the International Conference, 21–25 September 2015, Tomsk, Russia  |f National Research Tomsk Polytechnic University (TPU) ; ed. V. E. Panin ; S. G. Psakhie ; V. M. Fomin  |v [020085, 4 p.]  |d 2015 
610 1 |a электронный ресурс 
610 1 |a труды учёных ТПУ 
610 1 |a численные исследования 
610 1 |a накопление 
610 1 |a сланцы 
610 1 |a термическое разложение 
610 1 |a нагревательные элементы 
610 1 |a теплофизические свойства 
700 1 |a Knyazeva  |b A. G.  |c Russian physicist  |c Professor of Tomsk Polytechnic University, doctor of physico-mathematical Sciences  |f 1962-  |g Anna Georgievna  |3 (RuTPU)RU\TPU\pers\32712  |9 16597 
701 1 |a Maslov  |b A. L. 
712 0 2 |a Национальный исследовательский Томский политехнический университет (ТПУ)  |b Институт физики высоких технологий (ИФВТ)  |b Кафедра физики высоких технологий в машиностроении (ФВТМ)  |3 (RuTPU)RU\TPU\col\18687 
801 2 |a RU  |b 63413507  |c 20151204  |g RCR 
856 4 |u http://dx.doi.org/10.1063/1.4932775 
942 |c BK